| 000 | 01460nam a2200301 a 4500 | ||
|---|---|---|---|
| 003 | CO-PeBPR | ||
| 005 | 20260426090949.0 | ||
| 008 | 260415e2024 ck a|||| n||| 00| 0 spa c | ||
| 020 | _a9786289664706 | ||
| 040 | 0 |
_aCO-PeBPR _bspa _cCO-PeBPR _erda |
|
| 041 | 0 | _hspa | |
| 082 | 0 | 4 | _a(i) Co863 S685l |
| 100 | 1 |
_aSoler Pulido, Juan Diego _d1982 _eautor |
|
| 245 | 1 | 0 |
_aLejos de casa _c/ Juan Diego Soler Pulido ; ilustraciones de Angie Alape |
| 250 | _aEdición especial | ||
| 264 | 1 |
_aBogotá, Colombia _b: Ciencia Magnética _c, 2024 |
|
| 300 |
_a28 páginas _b: Ilustraciones a color _c; 24 centímetros |
||
| 336 |
_atexto _btxt _crdacontenido |
||
| 337 |
_asin mediación _bn _2rdamedio |
||
| 338 |
_avolumen _bnc _2rdasoporte |
||
| 520 | _aPolaroso es un oso polar que, accidentalmente, llega a una playa en el trópico. Confundido y desesperado por el calor de este lugar, conoce a un perro de taller que se encargará de ayudarlo y guiarlo. Juntos emprenderán un viaje en busca de un lugar más frío donde polaroso pueda vivir y, de paso, entenderán por que cambia la temperatura en nuestro planeta y los riesgos de la crisis climática... Tomado de la contracubierta del libro. | ||
| 521 | _aRecomendado para 7 a 12 años. | ||
| 650 | 1 | 4 |
_2LEMB _aCuentos infantiles colombianos |
| 650 | 1 | 4 |
_2LEMB _aLiteratura infantil colombiana |
| 650 | 1 | 4 |
_2LEMB _aCambios climáticos en la literatura |
| 700 | 1 |
_aAlape, Angie _eilustradora |
|
| 942 |
_2ddc _cBKINF |
||
| 999 |
_c17793 _d17793 |
||